The social psychology of collective action /
Se discute la utilidad de las herramientas conceptuales y perspectiva de la psicología social para el estudio de las acciones colectivas
Uloženo v:
| Hlavní autor: | |
|---|---|
| Médium: | Text |
| Témata: | |
| Tagy: |
Přidat tag
Žádné tagy, Buďte první, kdo vytvoří štítek k tomuto záznamu!
|
MARC
| LEADER | 00000 a a2200000 04500 | ||
|---|---|---|---|
| 001 | 40007 | ||
| 003 | |||
| 040 | |||
| 100 | |a Gamson, William A. | ||
| 245 | |a The social psychology of collective action / |c William A. Gamson | ||
| 500 | |a Colección Cambio Social donado por Paul Almeida | ||
| 520 | |a Se discute la utilidad de las herramientas conceptuales y perspectiva de la psicología social para el estudio de las acciones colectivas | ||
| 590 | |a RRA/AGOSTO2010 | ||
| 650 | |a 1.ACCION COLECTIVA | ||
| 650 | |a 2.PSICOLOGIA SOCIAL | ||
| 650 | |a 3.TEORIA | ||
| 773 | |g páginas 53-76 | ||
| 999 | |c 38235 |d 38235 | ||
